000 00501nam a2200193Ia 4500
005 20250508151814.0
008 008 250505s9999 xx 000 0 eng d
037 _aTextual
040 _aFEDL
_beng
_cFEDL
041 _aeng
_2eng
084 _a150, NAR
_qFEDL
100 _aNarayan Chanda
_9760017
245 0 _aManushyar rhasya
260 _aCalcutta, India
_bPutakalaya Ltd.
300 _a222p.
650 _aPsychology
942 _cTEXL
_h150, NAR
999 _c1332229
_d1332229